000 00465nam a2200181Ia 4500
008 151121s9999||||xx |||||||||||||| ||und||
082 _a813/देसाई
082 _bHNW-55301
100 _aदेसाई रणजीत
245 _aबारी
260 _c--
300 _a200
600 _aदेसाई रणजीत
630 _aबारी
700 _aदेसाई रणजीत
730 _aबारी
942 _cBOOK
999 _c1238238
_d1238235